| 000 | 00712nam a2200229 a 4500 | ||
|---|---|---|---|
| 999 |
_c4732 _d4732 |
||
| 001 | 4732 | ||
| 003 | BD-JhCC | ||
| 005 | 20171130191211.0 | ||
| 008 | 171130s1987 b a|||| || | 000 0 be d | ||
| 035 | _a(BD-JhCC)4732 | ||
| 040 |
_aBD-JhCC _dBD-JhCC |
||
| 041 | _aben | ||
| 082 |
_a623.45119 _bKHA 1987 |
||
| 100 | _aখান, আনোয়ারুল হক | ||
| 245 |
_aএটম বোমার ইতিবৃত্ত / _cআনোয়ারুল হক খান, |
||
| 260 |
_aঢাকা : _bনওরোজ কিতাবিস্তান, _c1987. |
||
| 300 |
_a92 p. : _bill. ; _c21 cm. |
||
| 650 | _aA Nuclear Physicists | ||
| 650 | _aAtomic bomb | ||
| 942 |
_2ddc _cBK |
||